Guess the Brainrot using 1 hint. - Statistics

General Stats
  • This quiz has been taken 12 times
  • The average score is 3 of 9
Answer Stats
Question Answer % Correct
Epic - This Brainrot represents chrismas. Penguin Tree
80%
Legendary - This Brainrot is a food Expert. Chef Crabracadabra
70%
Brainrot God - This Brainrot is famous in a random country. Statutino Libertino
60%
Common - This Brainrot is a dark mouse. Talpa Di Fero
30%
Bonus : Which brawler is in the S tier ? Piper
20%
OGM - Test your luck. UwU. Skibidi Toilet
20%
Rare - This Brainrot looks like the Chill Guy. Pipi Avocado
10%
Mythic - This Brainrot is a brother of a banned Brainrot. Te Te Te Sahur
10%
Secret - It's a random shaped Brainrot. Tic Tac Sahur
10%
No matching quizzes found
Score Distribution
Percent of People with Each Score
Percentile by Number Answered
Your Score History
You have not taken this quiz